Science Quiz

Random Science or Border Quiz

Constellations Border Blitz Quiz Stats

 Plays Quiz Updated Apr 28, 2018

Also try: Constellations
Challenge
Share
Tweet
Embed
Score 0/88 Timer 04:00
0 Plays Today
% Correct
Taurus
96.5%
Gemini
96.2%
Lynx
94.8%
Leo
94.7%
Orion
94.6%
Monoceros
94.2%
Eridanus
93.9%
Leo Minor
93.8%
Hydra
93.7%
Coma Berenices
93.5%
Ursa Major
93.3%
Cancer
92.7%
Pisces
92.1%
Cetus
91.7%
Perseus
91.6%
Boötes
91.4%
Virgo
91.3%
Pegasus
90%
Serpens
89.8%
Aries
89.7%
Lepus
89.6%
Draco
89.5%
Canis Minor
89.2%
Camelopardalis
89%
Triangulum
88.9%
Crater
88.2%
Libra
87.7%
Aquarius
87.3%
Cepheus
87.2%
Aquila
86.9%
% Correct
Ophiuchus
86.5%
Andromeda
86%
Auriga
86%
Ursa Minor
84.7%
Delphinus
84.5%
Scorpius
84%
Sextans
84%
Hercules
82.6%
Capricornus
82.4%
Centaurus
81.7%
Lupus
81.2%
Vulpecula
80.8%
Canes Venatici
80%
Lacerta
79.1%
Corvus
78.4%
Equuleus
77.2%
Sculptor
77.2%
Sagitta
77.1%
Piscis Austrinus
76.4%
Cassiopeia
76.1%
Sagittarius
74.8%
Cygnus
73.6%
Lyra
72.7%
Corona Australis
72.3%
Puppis
71.5%
Telescopium
70.6%
Microscopium
70.1%
Scutum
69.9%
Indus
68%
Columba
67.4%
% Correct
Canis Major
67.3%
Corona Borealis
64.6%
Ara
64%
Norma
62.4%
Antlia
61.5%
Pyxis
61.4%
Musca
59.3%
Apus
58.4%
Circinus
57.8%
Octans
57.6%
Pavo
57.5%
Carina
57.4%
Fornax
57.3%
Vela
57%
Caelum
56.9%
Hydrus
56.7%
Pictor
56.4%
Chamaeleon
56.3%
Tucana
56%
Triangulum Australe
55.7%
Phoenix
55.7%
Dorado
54.3%
Volans
54%
Horologium
53.5%
Mensa
53.3%
Grus
52.4%
Crux
51.6%
Reticulum
48.9%

You're not logged in!

Compare scores with friends on all Sporcle quizzes.
OR
Log In

You Might Also Like...

Show Comments

Extras

Top Quizzes Today


Score Distribution

Your Account Isn't Verified!

In order to create a playlist on Sporcle, you need to verify the email address you used during registration. Go to your Sporcle Settings to finish the process.

Report this User

Report this user for behavior that violates our Community Guidelines.

Details: